000 00743nam a2200253 a 4500
003 SISC
005 20170124160045.0
008 111114s19uu xx 00 eng d
020 _a9780814416976
050 _aHD 57.7
_b.T46734 2011
100 _aThompson, Mark.
245 _aNow... build a great business! :
_b7 ways to maximize your profits in any market /
_cMark Thompson and Brian Tracy.
250 _a1st edition.
260 _aNew York :
_bAMACOM Books,
_c2011.
300 _a228 pages ;
_c23 cm.
500 _aIncludes index.
650 _aLeadership.
650 _aStrategic planning.
650 _aMarketing.
650 _aConsumer satisfaction.
700 _aTracy, Brian.
942 _cBK
_2lcc
_kFOR
999 _c24413
_d24413